Droit des obligations : Cours, méthode et exercices corrigés (notice n° 1566111)
[ vue normale ]
| 000 -LEADER | |
|---|---|
| fixed length control field | 01364cam a2200145 4500500 |
| 005 - DATE AND TIME OF LATEST TRANSACTION | |
| control field | 20251214001351.0 |
| 041 ## - LANGUAGE CODE | |
| Language code of text/sound track or separate title | fre |
| 042 ## - AUTHENTICATION CODE | |
| Authentication code | dc |
| 100 10 - MAIN ENTRY--PERSONAL NAME | |
| Personal name | Khalvadjian, Boris |
| Relator term | author |
| 245 00 - TITLE STATEMENT | |
| Title | Droit des obligations : Cours, méthode et exercices corrigés |
| 260 ## - PUBLICATION, DISTRIBUTION, ETC. | |
| Name of publisher, distributor, etc. | Armand Colin,<br/> |
| Date of publication, distribution, etc. | 2012.<br/> |
| 520 ## - SUMMARY, ETC. | |
| Summary, etc. | Parfaitement conforme à l'enseignement de droit en L2, cet ouvrage présente les obligations contractuelles et les obligations délictuelles. Conçu comme un manuel et un outil de préparation aux TDs, l'ensemble du cours est présenté à travers les trois exercices qui servent à évaluer les connaissances : dissertations, commentaires d'arrêt et cas pratique. Cette nouvelle édition, revue et corrigée, prend en compte les évolutions les plus récentes de la législation et de la jurisprudence. Boris Khalvadjian, docteur en droit privé, est avocat au barreau de Paris. Il a enseigné à l’Université d’Aix-Marseille et enseigne actuellement à l’Université de Paris XIII. Frédéric Rouvière, agrégé des Facultés en droit privé et sciences criminelles, est Professeur à l’Université d’Aix-Marseille où il enseigne le droit civil et la théorie du droit. |
| 700 10 - ADDED ENTRY--PERSONAL NAME | |
| Personal name | Rouvière, Frédéric |
| Relator term | author |
| 856 41 - ELECTRONIC LOCATION AND ACCESS | |
| Uniform Resource Identifier | <a href="https://droit.cairn.info/droit-des-obligations--9782200281373?lang=fr&redirect-ssocas=7080">https://droit.cairn.info/droit-des-obligations--9782200281373?lang=fr&redirect-ssocas=7080</a> |
Pas d'exemplaire disponible.




Réseaux sociaux